[Event "Titled Tuesday intern op 25th Apr Late"]
[Site "Chess.com INT"]
[Date "2023.04.25"]
[Round "8"]
[White "Guerb, Leonid"]
[Black "Mustafayev, Farid Farman Oglu"]
[Result "1-0"]
[WhiteElo "2295"]
[BlackElo "2316"]
[PlyCount "55"]
[EventDate "2023.04.25"]
[EventType "swiss (blitz)"]
[EventRounds "11"]
[EventCountry "USA"]
[SourceTitle "EXT 2024"]
[Source "ChessBase"]
[SourceDate "2023.10.10"]
[SourceVersion "1"]
[SourceVersionDate "2023.10.10"]
[SourceQuality "1"]

1. Nf3 c5 2. c4 Nf6 3. d4 e6 4. g3 Be7 5. Bg2 0-0 6. 0-0 a6 7. Nc3 cxd4 8. Nxd4 Nc6 9. b3 Bc5 10. Nf3 d6 11. Bb2 Qe7 12. Na4 Rd8 13. Nxc5 dxc5 14. Qc1 Bd7 15. Qg5 h6 16. Bxf6 Qxf6 17. Qxc5 Rac8 18. Qb6 Qb2 19. Qxb7 Ne7 20. Qe4 Bc6 21. Qe5 Qa3 22. Qc3 Nf5 23. e3 Qa5 24. Qxa5 Be4 25. Nd4 Bd3 26. Nxf5 exf5 27. Rfd1 Re8 28. Rxd3 1-0

[Event "Titled Tuesday intern op 25th Apr Late"]
[Site "Chess.com INT"]
[Date "2023.04.25"]
[Round "7"]
[White "Gurevich, Dmitry"]
[Black "Guerb, Leonid"]
[Result "1-0"]
[WhiteElo "2393"]
[BlackElo "2295"]
[PlyCount "83"]
[EventDate "2023.04.25"]
[EventType "swiss (blitz)"]
[EventRounds "11"]
[EventCountry "USA"]
[SourceTitle "EXT 2024"]
[Source "ChessBase"]
[SourceDate "2023.10.10"]
[SourceVersion "1"]
[SourceVersionDate "2023.10.10"]
[SourceQuality "1"]

1. d4 Nf6 2. c4 c5 3. Nf3 g6 4. Nc3 cxd4 5. Nxd4 Bg7 6. e4 0-0 7. Be2 Nc6 8. Be3 Qa5 9. 0-0 d6 10. Rc1 h5 11. f3 Bd7 12. Rc2 Nb4 13. Rd2 Rac8 14. Nb3 Qd8 15. c5 Be6 16. cxd6 exd6 17. Rxd6 Bxb3 18. Rxd8 Bxd1 19. Rxf8+ Bxf8 20. Rxd1 a6 21. e5 Re8 22. f4 Ng4 23. Bxg4 hxg4 24. Rd7 b5 25. Ne4 Rc8 26. Nf6+ Kg7 27. Bd4 Bc5 28. Bxc5 Rxc5 29. Rd2 Nxa2 30. Nxg4 Rc4 31. g3 g5 32. Rf2 Nc1 33. Ne3 Nd3 34. Nxc4 gxf4 35. Rxf4 Nxf4 36. gxf4 bxc4 37. Kf2 a5 38. Ke3 c3 39. bxc3 a4 40. Kd3 a3 41. Kc2 a2 42. Kb2 1-0

[Event "Titled Tuesday intern op 25th Apr Late"]
[Site "Chess.com INT"]
[Date "2023.04.25"]
[Round "11"]
[White "Moral Garcia, Serafin"]
[Black "Guerb, Leonid"]
[Result "1-0"]
[WhiteElo "2258"]
[BlackElo "2295"]
[PlyCount "45"]
[EventDate "2023.04.25"]
[EventType "swiss (blitz)"]
[EventRounds "11"]
[EventCountry "USA"]
[SourceTitle "EXT 2024"]
[Source "ChessBase"]
[SourceDate "2023.10.10"]
[SourceVersion "1"]
[SourceVersionDate "2023.10.10"]
[SourceQuality "1"]

1. c4 Nf6 2. Nc3 d5 3. cxd5 Nxd5 4. g3 g6 5. Bg2 c6 6. Qb3 Nc7 7. d3 Bg7 8. Nf3 0-0 9. 0-0 c5 10. Be3 Ne6 11. Nd2 Nc6 12. Bxc6 bxc6 13. Nde4 Nd4 14. Qd1 Bh3 15. Re1 Rb8 16. b3 Qa5 17. Rc1 Qa3 18. Qd2 Bg4 19. Kg2 Be6 20. Na4 Bd5 21. f3 Nf5 22. Bxc5 Rfe8 23. Bxa3 1-0

[Event "Titled Tuesday intern op 25th Apr Late"]
[Site "Chess.com INT"]
[Date "2023.04.25"]
[Round "5"]
[White "Roebers, Eline"]
[Black "Guerb, Leonid"]
[Result "1-0"]
[WhiteElo "2356"]
[BlackElo "2295"]
[PlyCount "71"]
[EventDate "2023.04.25"]
[EventType "swiss (blitz)"]
[EventRounds "11"]
[EventCountry "USA"]
[SourceTitle "EXT 2024"]
[Source "ChessBase"]
[SourceDate "2023.10.10"]
[SourceVersion "1"]
[SourceVersionDate "2023.10.10"]
[SourceQuality "1"]

1. e4 c5 2. Nf3 g6 3. g3 Bg7 4. Bg2 Nc6 5. 0-0 e6 6. c3 Nge7 7. d4 cxd4 8. cxd4 d5 9. e5 0-0 10. Nc3 f6 11. exf6 Bxf6 12. Bh6 Re8 13. Bg5 Nf5 14. Bxf6 Qxf6 15. Nb5 Re7 16. g4 Nh4 17. Nxh4 Qxh4 18. Re1 a6 19. Na3 Bd7 20. Nc2 Rf8 21. f3 h5 22. Re3 Rf4 23. h3 Qf6 24. Rd3 Kg7 25. Qd2 e5 26. Re1 e4 27. Rde3 exf3 28. Rxe7+ Nxe7 29. Rxe7+ Qxe7 30. Qxf4 fxg2 31. Ne3 hxg4 32. hxg4 Qe4 33. Qxe4 dxe4 34. Kxg2 Kf6 35. Kg3 Kg5 36. Nd5 1-0

[Event "Titled Tuesday intern op 28th Mar Early"]
[Site "Chess.com INT"]
[Date "2023.03.28"]
[Round "10"]
[White "Guerb, Leonid"]
[Black "Gonzalez, Francisco Silva"]
[Result "0-1"]
[WhiteElo "2295"]
[BlackElo "2021"]
[PlyCount "106"]
[EventDate "2023.03.28"]
[EventType "swiss (blitz)"]
[EventRounds "11"]
[EventCountry "USA"]
[SourceTitle "EXT 2024"]
[Source "ChessBase"]
[SourceDate "2023.10.10"]
[SourceVersion "1"]
[SourceVersionDate "2023.10.10"]
[SourceQuality "1"]

1. Nf3 d5 2. g3 g6 3. Bg2 Bg7 4. 0-0 e5 5. d3 Ne7 6. c4 c6 7. Nbd2 0-0 8. Rb1 a5 9. a3 h6 10. b4 axb4 11. axb4 Be6 12. b5 Nd7 13. Qc2 Re8 14. bxc6 bxc6 15. Bb2 Ra2 16. Ra1 Ra8 17. cxd5 cxd5 18. Rxa8 Qxa8 19. Ra1 Qb7 20. h3 Rc8 21. Qb1 Rb8 22. Ba3 Qxb1+ 23. Rxb1 Rxb1+ 24. Nxb1 Nc6 25. Nbd2 Bf8 26. Bxf8 Kxf8 27. e3 Ke7 28. d4 e4 29. Ne1 f5 30. f3 Nb6 31. fxe4 fxe4 32. Kf2 Na5 33. Bf1 Kd6 34. h4 Bg4 35. Ng2 g5 36. Be2 Bxe2 37. Kxe2 Nac4 38. Nb3 Nd7 39. Nd2 Nb2 40. Nf1 Ke6 41. Nh2 Kf5 42. g4+ Kf6 43. h5 Ke6 44. Nf1 Nc4 45. Ng3 Nf6 46. Nf5 Nxg4 47. Ng7+ Kf6 48. Ne8+ Ke7 49. Nc7 Kd6 50. Ne8+ Kc6 51. Ne1 Ncxe3 52. Nf6 Nxf6 53. Kxe3 Nxh5 0-1

[Event "Titled Tuesday intern op 28th Mar Early"]
[Site "Chess.com INT"]
[Date "2023.03.28"]
[Round "2"]
[White "Guerb, Leonid"]
[Black "Kubatko, Ivan"]
[Result "1-0"]
[WhiteElo "2295"]
[BlackElo "2257"]
[PlyCount "83"]
[EventDate "2023.03.28"]
[EventType "swiss (blitz)"]
[EventRounds "11"]
[EventCountry "USA"]
[SourceTitle "EXT 2024"]
[Source "ChessBase"]
[SourceDate "2023.10.10"]
[SourceVersion "1"]
[SourceVersionDate "2023.10.10"]
[SourceQuality "1"]

1. Nf3 d5 2. c4 e6 3. g3 Nf6 4. Bg2 c5 5. cxd5 exd5 6. d4 Nc6 7. 0-0 Be7 8. dxc5 Bxc5 9. a3 0-0 10. b4 Bb6 11. Bb2 Re8 12. Nc3 Bg4 13. Na4 Bc7 14. Rc1 Ne4 15. Nc5 Nxc5 16. Rxc5 Qe7 17. Re1 Be6 18. Nd4 Bb6 19. Nxc6 bxc6 20. Rxc6 Rad8 21. Bd4 Qd7 22. b5 Bh3 23. Bxb6 axb6 24. Rxb6 Bxg2 25. Kxg2 d4 26. Qd3 Qd5+ 27. Qf3 Qc5 28. Rb7 Rf8 29. Rd1 h5 30. h4 Rd5 31. Rd3 Rf5 32. Qc6 Qe5 33. e3 dxe3 34. Rxe3 Qb2 35. Rf3 Rxf3 36. Qxf3 f6 37. Qd5+ Kh7 38. Qxh5+ Kg8 39. Qd5+ Kh7 40. a4 Qc3 41. Qh5+ Kg8 42. Qg6 1-0

[Event "Titled Tuesday intern op 21st Mar Early"]
[Site "Chess.com INT"]
[Date "2023.03.21"]
[Round "6"]
[White "Guerb, Leonid"]
[Black "Khamdamova, Afruza"]
[Result "0-1"]
[WhiteElo "2295"]
[BlackElo "2140"]
[PlyCount "76"]
[EventDate "2023.03.21"]
[EventType "swiss (blitz)"]
[EventRounds "11"]
[EventCountry "USA"]
[SourceTitle "EXT 2024"]
[Source "ChessBase"]
[SourceDate "2023.10.10"]
[SourceVersion "1"]
[SourceVersionDate "2023.10.10"]
[SourceQuality "1"]

1. Nf3 Nf6 2. c4 e6 3. g3 d5 4. Bg2 dxc4 5. Qa4+ Nbd7 6. Qxc4 c5 7. 0-0 a6 8. d4 b5 9. Qc2 Bb7 10. a4 Be7 11. Be3 c4 12. b3 Rc8 13. axb5 axb5 14. bxc4 bxc4 15. Nc3 0-0 16. Rfb1 Bc6 17. Ra6 Nd5 18. Nxd5 exd5 19. h4 h6 20. Qd2 Kh7 21. Bh3 Rb8 22. Qc2+ g6 23. Rxc6 Qa5 24. Bf4 Rxb1+ 25. Qxb1 Nf6 26. Qb7 Re8 27. Rc7 Qa3 28. Be5 Ne4 29. Qxd5 Nd6 30. Bxd6 Qxd6 31. Qxf7+ Kh8 32. Rxc4 Rf8 33. Qe6 Qd8 34. Qxg6 Rf6 35. Qh5 Qf8 36. Ne5 Qg7 37. Rc8+ Bf8 38. Bf5 Kg8 0-1

[Event "Titled Tuesday intern op 21st Mar Late"]
[Site "Chess.com INT"]
[Date "2023.03.21"]
[Round "1"]
[White "Guerb, Leonid"]
[Black "Lamard, Guillaume"]
[Result "0-1"]
[WhiteElo "2295"]
[BlackElo "2529"]
[PlyCount "52"]
[EventDate "2023.03.21"]
[EventType "swiss (blitz)"]
[EventRounds "11"]
[EventCountry "USA"]
[SourceTitle "EXT 2024"]
[Source "ChessBase"]
[SourceDate "2023.10.10"]
[SourceVersion "1"]
[SourceVersionDate "2023.10.10"]
[SourceQuality "1"]

1. Nf3 Nf6 2. c4 e6 3. g3 d5 4. Bg2 d4 5. 0-0 c5 6. b4 cxb4 7. a3 Nc6 8. d3 a5 9. axb4 Bxb4 10. Ba3 0-0 11. Bxb4 Nxb4 12. Na3 Re8 13. Qb3 e5 14. Nd2 Qe7 15. Rfc1 Bg4 16. Kf1 Qd7 17. Kg1 Bxe2 18. Bf1 Bxf1 19. Nxf1 h5 20. c5 h4 21. Nc4 h3 22. f3 Qf5 23. Nfd2 Qxd3 24. Nd6 Qxd2 25. Qxf7+ Kh7 26. Kf1 Nd3 0-1

[Event "Titled Tuesday intern op 21st Mar Early"]
[Site "Chess.com INT"]
[Date "2023.03.21"]
[Round "3"]
[White "Svane, Frederik"]
[Black "Guerb, Leonid"]
[Result "1-0"]
[WhiteElo "2577"]
[BlackElo "2295"]
[PlyCount "63"]
[EventDate "2023.03.21"]
[EventType "swiss (blitz)"]
[EventRounds "11"]
[EventCountry "USA"]
[SourceTitle "EXT 2024"]
[Source "ChessBase"]
[SourceDate "2023.10.10"]
[SourceVersion "1"]
[SourceVersionDate "2023.10.10"]
[SourceQuality "1"]

1. c4 Nf6 2. d3 d5 3. cxd5 Nxd5 4. Nc3 g6 5. g3 Bg7 6. Bd2 0-0 7. Bg2 Nf6 8. Nf3 c5 9. 0-0 Nc6 10. Rc1 Bd7 11. Be3 b6 12. h3 Rc8 13. d4 cxd4 14. Nxd4 Ne5 15. b3 h6 16. Qd2 Kh7 17. Rfd1 Qe8 18. Bf4 Nc6 19. Ndb5 g5 20. Be3 a6 21. Nd4 Nxd4 22. Bxd4 Bf5 23. Bxb6 Bg6 24. Qe3 e6 25. Bd4 Qe7 26. Na4 Rxc1 27. Rxc1 Rd8 28. Bc5 Qe8 29. Bb6 Nd5 30. Qc5 Nxb6 31. Qxb6 Qb5 32. Bf3 1-0

[Event "Titled Tuesday intern op 14th Mar Late"]
[Site "Chess.com INT"]
[Date "2023.03.14"]
[Round "6"]
[White "Guerb, Leonid"]
[Black "Gasparyan, Davit"]
[Result "0-1"]
[WhiteElo "2295"]
[BlackElo "2077"]
[PlyCount "62"]
[EventDate "2023.03.14"]
[EventType "swiss (blitz)"]
[EventRounds "11"]
[EventCountry "USA"]
[SourceTitle "EXT 2024"]
[Source "ChessBase"]
[SourceDate "2023.10.10"]
[SourceVersion "1"]
[SourceVersionDate "2023.10.10"]
[SourceQuality "1"]

1. Nf3 c5 2. c4 e6 3. d4 cxd4 4. Nxd4 Nc6 5. Nc3 Qc7 6. Nc2 a6 7. g3 Nf6 8. Bg2 Bc5 9. 0-0 0-0 10. b3 d6 11. Bb2 Rb8 12. Qd2 b5 13. cxb5 axb5 14. Rfc1 Qa7 15. e3 Ba6 16. a3 Rbc8 17. b4 Bb6 18. Qxd6 Rfd8 19. Qf4 Ne7 20. Ne1 Ng6 21. Qf3 Ne5 22. Qe2 Nc4 23. Rab1 Rd2 24. Qf3 Nxb2 25. Nxb5 Qb8 26. Rxc8+ Qxc8 27. Nd4 Bxd4 28. exd4 Nc4 29. b5 Nxa3 30. bxa6 Nxb1 31. a7 Nd5 0-1

[Event "Titled Tuesday intern op 14th Mar Late"]
[Site "Chess.com INT"]
[Date "2023.03.14"]
[Round "2"]
[White "Guerb, Leonid"]
[Black "Golubev, Mikhail"]
[Result "0-1"]
[WhiteElo "2295"]
[BlackElo "2461"]
[PlyCount "62"]
[EventDate "2023.03.14"]
[EventType "swiss (blitz)"]
[EventRounds "11"]
[EventCountry "USA"]
[SourceTitle "EXT 2024"]
[Source "ChessBase"]
[SourceDate "2023.10.10"]
[SourceVersion "1"]
[SourceVersionDate "2023.10.10"]
[SourceQuality "1"]

1. Nf3 d6 2. g3 g6 3. c4 Bg7 4. Bg2 e5 5. Nc3 Nc6 6. 0-0 f5 7. d3 h6 8. a3 a5 9. Rb1 g5 10. Qc2 Nf6 11. b4 axb4 12. axb4 g4 13. Nd2 Nd4 14. Qd1 0-0 15. e3 Ne6 16. Bb2 h5 17. Ra1 Rb8 18. Nd5 h4 19. f4 Nh5 20. Qe1 c6 21. Nc3 hxg3 22. hxg3 exf4 23. exf4 Bd4+ 24. Kh1 Rf7 25. Nd1 Nxg3+ 26. Qxg3 Rh7+ 27. Bh3 Rxh3+ 28. Qxh3 gxh3 29. Bxd4 Nxd4 30. Rg1+ Kf7 31. Nf2 Qh4 0-1

[Event "Titled Tuesday intern op 28th Feb Late"]
[Site "Chess.com INT"]
[Date "2023.02.28"]
[Round "11"]
[White "Guerb, Leonid"]
[Black "Druzhinina, Olga"]
[Result "0-1"]
[WhiteElo "2295"]
[BlackElo "2245"]
[PlyCount "112"]
[EventDate "2023.02.28"]
[EventType "swiss (blitz)"]
[EventRounds "11"]
[EventCountry "USA"]
[SourceTitle "CBM 213 Extra"]
[Source "ChessBase"]
[SourceDate "2023.05.31"]
[SourceVersion "1"]
[SourceVersionDate "2023.05.31"]
[SourceQuality "1"]

1. Nf3 Nf6 2. c4 g6 3. g3 Bg7 4. Bg2 0-0 5. Nc3 c6 6. 0-0 d5 7. Nxd5 cxd5 8. cxd5 Nxd5 9. d4 Nc6 10. e4 Nb6 11. d5 Ne5 12. Nd4 Nbc4 13. b3 Nd6 14. Bb2 Qb6 15. h3 Nb5 16. Nxb5 Qxb5 17. Qd2 Bd7 18. Kh2 Rac8 19. f4 Nd3 20. Bxg7 Kxg7 21. Rad1 Nb4 22. a3 Na6 23. b4 Qc4 24. Rc1 Qb3 25. Qd4+ Kg8 26. Qxa7 Qxa3 27. Rb1 Bb5 28. Rf2 Qd3 29. Re1 Qc3 30. Rd1 Rc7 31. d6 exd6 32. Rxd6 Nxb4 33. e5 Nd3 34. Rf3 Qb4 35. Qb6 Rc6 36. Qxb7 Rxd6 37. exd6 Ne1 38. Rf2 Nxg2 39. Rxg2 Qc5 40. f5 gxf5 41. Qc7 Qxc7 42. dxc7 Rc8 43. Rc2 Kf8 44. g4 fxg4 45. hxg4 Ke7 46. Kg3 Kd7 47. Rf2 Rxc7 48. Rxf7+ Kd6 49. Rxc7 Kxc7 50. Kf4 Kd6 51. Kg5 Bd3 52. Kf6 Kd7 53. g5 Bg6 54. Kg7 Ke6 55. Kh6 Kf5 56. Kg7 Kxg5 0-1

[Event "Titled Tuesday intern op 28th Feb Early"]
[Site "Chess.com INT"]
[Date "2023.02.28"]
[Round "6"]
[White "Guerb, Leonid"]
[Black "Ilkhomi, Jaloliddin"]
[Result "0-1"]
[WhiteElo "2295"]
[BlackElo "2040"]
[PlyCount "66"]
[EventDate "2023.02.28"]
[EventType "swiss (blitz)"]
[EventRounds "11"]
[EventCountry "USA"]
[SourceTitle "CBM 213 Extra"]
[Source "ChessBase"]
[SourceDate "2023.05.31"]
[SourceVersion "1"]
[SourceVersionDate "2023.05.31"]
[SourceQuality "1"]

1. Nf3 Nf6 2. c4 e6 3. Nc3 d5 4. cxd5 exd5 5. d4 c6 6. Bg5 Bf5 7. e3 Be7 8. Bd3 Ne4 9. Bf4 Nd7 10. h3 0-0 11. Qc2 Ndf6 12. g4 Bg6 13. Ne5 Nxc3 14. Nxg6 hxg6 15. bxc3 Bd6 16. Bg5 Qe7 17. h4 Qe6 18. Bxf6 gxf6 19. Qe2 Rfe8 20. g5 fxg5 21. hxg5 Kg7 22. Kd2 Rh8 23. Qf3 b5 24. Rxh8 Rxh8 25. Rh1 b4 26. Rxh8 Kxh8 27. Qh1+ Kg8 28. Qh6 bxc3+ 29. Kxc3 c5 30. Qh4 cxd4+ 31. exd4 Qe1+ 32. Kc2 Ba3 33. Kb3 Qc1 0-1

[Event "Titled Tuesday intern op 28th Feb Early"]
[Site "Chess.com INT"]
[Date "2023.02.28"]
[Round "8"]
[White "Guerb, Leonid"]
[Black "Kiseleva, Arina"]
[Result "0-1"]
[WhiteElo "2295"]
[BlackElo "1962"]
[PlyCount "96"]
[EventDate "2023.02.28"]
[EventType "swiss (blitz)"]
[EventRounds "11"]
[EventCountry "USA"]
[SourceTitle "CBM 213 Extra"]
[Source "ChessBase"]
[SourceDate "2023.05.31"]
[SourceVersion "1"]
[SourceVersionDate "2023.05.31"]
[SourceQuality "1"]

1. Nf3 d5 2. c4 c6 3. g3 Nf6 4. Bg2 dxc4 5. 0-0 Bf5 6. a4 e6 7. Na3 Bxa3 8. bxa3 Nbd7 9. Bb2 Rc8 10. Rc1 b5 11. d3 cxd3 12. exd3 Nb6 13. axb5 Bxd3 14. Bxf6 gxf6 15. Re1 Bxb5 16. Qc2 0-0 17. Red1 Qe7 18. Qd2 Rfd8 19. Qh6 Rxd1+ 20. Rxd1 Rd8 21. Re1 Nc4 22. Nh4 Ne5 23. h3 Bd3 24. Kh2 Ng6 25. Bxc6 Nxh4 26. Qxh4 Bg6 27. a4 Rd2 28. Qf4 Qd6 29. Qxd6 Rxd6 30. Bb5 a6 31. Be2 Rd2 32. Kg1 a5 33. Bb5 Ra2 34. h4 Bc2 35. Re2 Ra1+ 36. Kg2 Bxa4 37. Ba6 Bb3 38. h5 h6 39. Re3 a4 40. Rc3 Kg7 41. Rc8 a3 42. Bb7 Bd5+ 43. Bxd5 exd5 44. Ra8 a2 45. Kf3 d4 46. Ke2 d3+ 47. Kd2 Rf1 48. Kxd3 a1Q 0-1

[Event "Titled Tuesday intern op 21st Feb Early"]
[Site "Chess.com INT"]
[Date "2023.02.21"]
[Round "11"]
[White "Goroshkov, Maksym"]
[Black "Guerb, Leonid"]
[Result "1-0"]
[WhiteElo "2278"]
[BlackElo "2295"]
[PlyCount "47"]
[EventDate "2023.02.21"]
[EventType "swiss (blitz)"]
[EventRounds "11"]
[EventCountry "USA"]
[SourceTitle "CBM 212 Extra"]
[Source "ChessBase"]
[SourceDate "2023.03.31"]
[SourceVersion "1"]
[SourceVersionDate "2023.03.31"]
[SourceQuality "1"]

1. e4 c5 2. d4 cxd4 3. c3 d3 4. Bxd3 Nc6 5. Nf3 g6 6. 0-0 Bg7 7. Na3 Nf6 8. e5 Ng4 9. Nc4 Ngxe5 10. Ncxe5 Nxe5 11. Nxe5 Bxe5 12. Bh6 Qc7 13. g3 d6 14. Re1 Bd7 15. Qb3 Qb6 16. Qc4 Qc6 17. Qh4 0-0-0 18. Qxe7 Rde8 19. Qh4 f6 20. Qc4 g5 21. f4 gxf4 22. Qxc6+ Bxc6 23. gxf4 Rhg8+ 24. Kf1 1-0

[Event "Titled Tuesday intern op 21st Feb Late"]
[Site "Chess.com INT"]
[Date "2023.02.21"]
[Round "3"]
[White "Kaplan, Avi Harrison"]
[Black "Guerb, Leonid"]
[Result "1-0"]
[WhiteElo "2135"]
[BlackElo "2295"]
[PlyCount "39"]
[EventDate "2023.02.21"]
[EventType "swiss (blitz)"]
[EventRounds "11"]
[EventCountry "USA"]
[SourceTitle "CBM 212 Extra"]
[Source "ChessBase"]
[SourceDate "2023.03.31"]
[SourceVersion "1"]
[SourceVersionDate "2023.03.31"]
[SourceQuality "1"]

1. e4 c6 2. d4 d5 3. exd5 cxd5 4. Nf3 Nc6 5. Bd3 Qc7 6. c3 Bg4 7. 0-0 e6 8. h3 Bh5 9. Nbd2 Bd6 10. Re1 Nge7 11. b4 a6 12. a4 0-0 13. Bxh7+ Kxh7 14. Ng5+ Kg6 15. Qc2+ Nf5 16. g4 Rh8 17. Ndf3 Nxb4 18. Qe2 Qxc3 19. Qxe6+ fxe6 20. Rxe6# 1-0

[Event "Titled Tuesday intern op 21st Feb Early"]
[Site "Chess.com INT"]
[Date "2023.02.21"]
[Round "3"]
[White "Zhukova, Natalia"]
[Black "Guerb, Leonid"]
[Result "1-0"]
[WhiteElo "2322"]
[BlackElo "2295"]
[PlyCount "87"]
[EventDate "2023.02.21"]
[EventType "swiss (blitz)"]
[EventRounds "11"]
[EventCountry "USA"]
[SourceTitle "CBM 212 Extra"]
[Source "ChessBase"]
[SourceDate "2023.03.31"]
[SourceVersion "1"]
[SourceVersionDate "2023.03.31"]
[SourceQuality "1"]

1. c4 Nf6 2. Nc3 d5 3. cxd5 Nxd5 4. Nf3 g6 5. e4 Nxc3 6. bxc3 Bg7 7. h4 h6 8. h5 g5 9. d4 c5 10. Bd3 cxd4 11. cxd4 Nc6 12. e5 Bg4 13. Be3 Qa5+ 14. Kf1 Rd8 15. Rb1 0-0 16. Rxb7 Qxa2 17. Be4 Qa6+ 18. Kg1 Qxb7 19. Qa4 Rc8 20. Nxg5 Qb4 21. Bxc6 Qxa4 22. Bxa4 hxg5 23. h6 Bh8 24. h7+ Kg7 25. Bxg5 f6 26. Bh6+ Kg6 27. Bxf8 Rxf8 28. f3 Be6 29. g4 fxe5 30. Bc2+ Kg5 31. Kf2 exd4 32. Rh5+ Kf6 33. g5+ Kg7 34. g6 Ra8 35. Re5 Kf6 36. f4 a5 37. Re1 a4 38. f5 Bxf5 39. Bxf5 Kxf5 40. Rxe7 a3 41. g7 Bxg7 42. Rxg7 a2 43. Rg8 a1Q 44. h8Q 1-0

[Event "Titled Tuesday intern op 14th Feb Early"]
[Site "Chess.com INT"]
[Date "2023.02.14"]
[Round "8"]
[White "Guerb, Leonid"]
[Black "Larina, Marija"]
[Result "0-1"]
[WhiteElo "2295"]
[BlackElo "1948"]
[PlyCount "78"]
[EventDate "2023.02.14"]
[EventType "swiss (blitz)"]
[EventRounds "11"]
[EventCountry "USA"]
[SourceTitle "CBM 212 Extra"]
[Source "ChessBase"]
[SourceDate "2023.03.31"]
[SourceVersion "1"]
[SourceVersionDate "2023.03.31"]
[SourceQuality "1"]

1. Nf3 f5 2. g3 Nf6 3. Bg2 g6 4. c4 Bg7 5. 0-0 d6 6. Nc3 0-0 7. Rb1 e5 8. d3 a5 9. a3 Kh8 10. b4 axb4 11. axb4 h6 12. Bb2 Qe8 13. Ra1 Rxa1 14. Qxa1 Nbd7 15. Nb5 Qd8 16. Qa5 b6 17. Qa7 Ne8 18. Nd2 g5 19. Qa1 Qe7 20. e3 Ndf6 21. Nc3 h5 22. Nd5 Nxd5 23. cxd5 h4 24. Qd1 Rf6 25. f4 g4 26. fxe5 dxe5 27. e4 h3 28. Bh1 f4 29. gxf4 Rxf4 30. b5 Qc5+ 31. d4 Rxf1+ 32. Nxf1 exd4 33. Qd3 Qd6 34. Bxd4 Nf6 35. Ne3 Qf4 36. e5 g3 37. hxg3 Qxg3+ 38. Kf1 Ng4 39. d6 Qf2# 0-1

[Event "Titled Tuesday intern op 14th Feb Early"]
[Site "Chess.com INT"]
[Date "2023.02.14"]
[Round "9"]
[White "Necula, Iulian"]
[Black "Guerb, Leonid"]
[Result "1-0"]
[WhiteElo "1882"]
[BlackElo "2295"]
[PlyCount "47"]
[EventDate "2023.02.14"]
[EventType "swiss (blitz)"]
[EventRounds "11"]
[EventCountry "USA"]
[SourceTitle "CBM 212 Extra"]
[Source "ChessBase"]
[SourceDate "2023.03.31"]
[SourceVersion "1"]
[SourceVersionDate "2023.03.31"]
[SourceQuality "1"]

1. d4 Nf6 2. Nc3 d5 3. Bf4 a6 4. e3 c5 5. Nf3 Nc6 6. Ne5 e6 7. g4 cxd4 8. exd4 Qb6 9. Nxc6 bxc6 10. Na4 Qa5+ 11. c3 e5 12. dxe5 Nxg4 13. Be2 h5 14. f3 Nh6 15. 0-0 Be6 16. b4 Qd8 17. Kh1 Nf5 18. Rg1 Be7 19. Nc5 g5 20. Bd2 g4 21. Bf4 Bxc5 22. bxc5 Qh4 23. Bg3 Nxg3+ 24. Rxg3 1-0